[Event "It (open)"]
[Site "masterchessopen.com St. Veit (Austria)"]
[Date "2006.07.09"]
[Round "2"]
[White "Schippel Gert (AUT)"]
[Black "Danilov Ilie Vladimir (ROM)"]
[Result "0-1"]
[WhiteElo "2104"]
[BlackElo "2367"]

1.Nf3 d5 2.d4 e6 3.c4 c6 4.Qc2 Nd7 5.g3 Ngf6 6.Bg2 Be7 7.O-O O-O 8.Nbd2 b6
9.Rd1 Ba6 10.b3 Rc8 11.Bb2 Qc7 12.Rac1 Qb8 13.e4 b5 14.e5 Ne8 15.Bf1 Nc7
16.cxb5 Bxb5 17.a4 Bxf1 18.Rxf1 Na6 19.Rfe1 Nb4 20.Qb1 h6 21.Re3 c5 22.Rec3 a5
23.Kg2 Rc6 24.Ne1 Rfc8 25.f4 Qb7 26.Nef3 Nb6 27.g4 c4 28.bxc4 dxc4 29.Kg3 N4d5
30.R3c2 c3 31.Nb3 cxb2 {#R} 0-1

[Event "Memorial Kochan"]
[Site "masterchessopen.com Koszalin (Poland)"]
[Date "2006.08.11"]
[Round "8"]
[White "Jozwik Jacek (POL)"]
[Black "Hajnrych Jakub (POL)"]
[Result "0-1"]
[WhiteElo "2041"]
[BlackElo "1955"]

1.d4 d5 2.Nf3 Nf6 3.g3 e6 4.Bg2 Be7 5.O-O O-O 6.c4 c6 7.Nbd2 Nbd7 8.Qc2 b6
9.b3 Bb7 10.Bb2 Rc8 11.e4 dxe4 12.Nxe4 Nxe4 13.Qxe4 Nf6 14.Qc2 Qc7 15.Rad1 c5
16.dxc5 Qxc5 17.h4 Qc6 18.Be5 Ba8 19.Qb2 Rfd8 20.g4 Nxg4 21.Bxg7 f6 22.Rd4
Rxd4 23.Qxd4 h5 24.Ne1 Qc7 {#R} 0-1

[Event "It (b)"]
[Site "masterchessopen.com Coulsdon (England)"]
[Date "2006.08.29"]
[Round "2"]
[White "Lock Gavin R (ENG)"]
[Black "Bailey Kevin (ENG)"]
[Result "0-1"]
[WhiteElo "2226"]
[BlackElo "2120"]

1.Nf3 d5 2.d4 Nf6 3.c4 e6 4.g3 Be7 5.Bg2 O-O 6.O-O c6 7.Nbd2 Nbd7 8.Qc2 b6
9.e4 Bb7 10.e5 Ne8 11.b3 Rc8 12.Bb2 Nc7 13.Rfd1 Qe8 14.Rac1 c5 15.Qb1 Ba8
16.cxd5 Bxd5 17.Ne4 Nb5 18.dxc5 Nxc5 19.Nxc5 Rxc5 20.Rxc5 bxc5 21.h4 h6 22.Rc1
Qa8 23.Qd3 Nd4 24.Bxd4 cxd4 25.Rc7 Bd8 26.Rd7 Bb6 27.Ne1 Qc6 28.Rxd5 exd5
29.Qf3 Qc1 30.Qe2 d3 {#R} 0-1

[Event "Ch Belgrade (team) (Premijer liga)"]
[Site "masterchessopen.com Belgrade (Yugoslavia)"]
[Date "2006.09.26"]
[Round "4"]
[White "Rajkovic Dusan (SRB)"]
[Black "Mirkovic Slobodan (SRB)"]
[Result "1-0"]
[WhiteElo "2506"]
[BlackElo "2367"]

1.Nf3 d5 2.c4 e6 3.g3 Nf6 4.d4 Be7 5.Bg2 O-O 6.O-O Nbd7 7.Nbd2 c6 8.Qc2 b6
9.Rd1 Bb7 10.e4 Rc8 11.b3 c5 12.exd5 exd5 13.Nh4 cxd4 14.Nf5 Nc5 15.Bb2 d3
16.Qc3 Nce4 17.Nxe7+ Qxe7 18.Qxd3 Nxd2 19.Bxf6 gxf6 20.cxd5 Nxb3 21.axb3 Qd6
22.Rxa7 Rc7 23.Ra4 Bc8 24.Rh4 f5 25.Bh3 Qf6 26.Qd2 Rd8 27.Rh6 Qg7 28.Rxb6 {#r}
1-0

[Event "Czech League 2006/07 (1st) East"]
[Site "masterchessopen.com Czech Republic"]
[Date "2006.10.22"]
[Round "1"]
[White "Mlynek Petr (CZE)"]
[Black "Brazdil Roman (CZE)"]
[Result "1-0"]
[WhiteElo "2149"]
[BlackElo "2192"]

1.d4 Nf6 2.c4 e6 3.g3 d5 4.Bg2 c6 5.Qc2 Be7 6.Nf3 O-O 7.O-O Nbd7 8.Nbd2 Qc7
9.e4 dxe4 10.Nxe4 Nxe4 11.Qxe4 Nf6 12.Qe2 b6 13.Bf4 Bd6 14.Ne5 Bb7 15.c5 bxc5
16.dxc5 Bxc5 17.Ng6 Qb6 18.Nxf8 Ba6 19.Qf3 Bxf1 20.Nxh7 Kxh7 21.Rxf1 Rc8
22.Be5 Bd4 23.Qd3+ {#r} 1-0

[Event "Ch Spain (open)"]
[Site "masterchessopen.com Leon (Spain)"]
[Date "2006.11.27"]
[Round "6"]
[White "Varasa Paredes Javier (ESP)"]
[Black "Suriol Peinado Alberto (ESP)"]
[Result "1-0"]
[WhiteElo "1949"]
[BlackElo "2089"]

1.Nf3 d5 2.d4 e6 3.c4 c6 4.g3 Nf6 5.Bg2 Be7 6.Qc2 O-O 7.O-O Nbd7 8.Nbd2 Re8
9.Rd1 Qb6 10.b3 a5 11.e4 dxe4 12.Nxe4 Nxe4 13.Qxe4 Nf6 14.Qc2 Bd7 15.c5 Qd8
16.Ne5 Nd5 17.Be4 f5 18.Bf3 Rf8 19.Re1 Bf6 20.Bd2 Be8 21.Qd3 Bg5 22.Re2 Bxd2
23.Qxd2 g5 24.Nc4 Bf7 25.Rae1 h6 26.Nd6 Rb8 27.Nxf7 Rxf7 28.Rxe6 Kg7 29.Rd6
Qc7 30.Bxd5 cxd5 31.Ree6 Rh8 32.Qe2 Rd8 33.Qe5+ Kg8 34.Rg6+ {#r} 1-0

[Event "Bundesliga B West 2006/07"]
[Site "masterchessopen.com Austria"]
[Date "2007.01.26"]
[Round "6"]
[White "Hecht Hans-Joachim (GER)"]
[Black "Heinzel Olaf (GER)"]
[Result "1-0"]
[WhiteElo "2391"]
[BlackElo "2401"]

1.Nf3 d5 2.c4 e6 3.d4 Nf6 4.g3 Nbd7 5.Bg2 Be7 6.O-O c6 7.Qc2 O-O 8.Nbd2 b5
9.c5 e5 10.Nxe5 Nxe5 11.dxe5 Nd7 12.Nf3 Re8 13.Be3 g6 14.b4 Bf8 15.Bg5 Be7
16.Bf4 a5 17.a3 Nf8 18.Nd4 Ra6 19.e4 Ne6 20.Rad1 Nxd4 21.Rxd4 Be6 22.exd5 cxd5
23.Qd3 axb4 24.axb4 Qa8 25.Bxd5 Bxd5 26.Rxd5 Ra4 27.Rb1 {#r} 1-0

[Event "Tournament \"]
[Site "masterchessopen.com Chisinau (Moldova)"]
[Date "2007.04.03"]
[Round "7"]
[White "Khamitskiy Sergei (BLR)"]
[Black "Panush Viktor (MDA)"]
[Result "1-0"]
[WhiteElo "2402"]
[BlackElo "2235"]

1.d4 Nf6 2.c4 e6 3.g3 d5 4.Bg2 Be7 5.Nf3 O-O 6.O-O Nbd7 7.Qc2 c6 8.Nbd2 b6
9.Rd1 Bb7 10.e4 dxe4 11.Nxe4 Nxe4 12.Qxe4 Qc7 13.Bf4 Bd6 14.Bxd6 Qxd6 15.Ne5
Rac8 16.c5 Qe7 17.b4 Rfd8 18.a3 Nf6 19.Qc2 Nd5 20.Be4 g6 21.h4 Kg7 22.Rd2 Qc7
23.Re1 Ne7 24.Qc3 Nf5 25.Bxf5 exf5 26.d5 cxd5 27.Ng4+ d4 28.Rxd4 f6 29.Rd7+
Qxd7 30.Qxf6+ Kg8 31.Nh6# 1-0

[Event "Ch Russia (club) (juniors)"]
[Site "masterchessopen.com Sochi (Russia)"]
[Date "2007.05.03"]
[Round "2"]
[White "Borisovsky V"]
[Black "Shandakov A"]
[Result "1-0"]
[WhiteElo "2017"]
[BlackElo "1907"]

1.d4 d5 2.c4 c6 3.Nf3 e6 4.Qc2 Nf6 5.Nbd2 Nbd7 6.g3 Be7 7.Bg2 O-O 8.O-O b6
9.b3 Bb7 10.Bb2 Rc8 11.e4 dxe4 12.Nxe4 c5 13.Nxf6+ Nxf6 14.Rad1 Qc7 15.dxc5
Qxc5 16.Bd4 Qh5 17.Qc3 Rfd8 18.Rfe1 Bb4 19.Qxb4 Bxf3 20.Rd2 Bxg2 21.Kxg2 Qg6
22.f3 Rc7 23.Bxb6 Rxd2+ 24.Qxd2 Rd7 25.Bd4 Qf5 26.Qe3 Qa5 27.Re2 a6 28.Bb6
{#r} 1-0

[Event "Ch USA"]
[Site "masterchessopen.com Stillwater (USA)"]
[Date "2007.05.16"]
[Round "2"]
[White "Burnett Ronald (USA)"]
[Black "Braunlich Tom (USA)"]
[Result "1-0"]
[WhiteElo "2371"]
[BlackElo "2174"]

1.d4 d5 2.Nf3 c6 3.c4 e6 4.Qc2 Nf6 5.Nbd2 Nbd7 6.g3 Be7 7.Bg2 O-O 8.O-O b5
9.c5 Qc7 10.Nb3 a5 11.Bf4 Qa7 12.Bd6 Bxd6 13.cxd6 Qb8 14.Qxc6 Ra6 15.Qc7 a4
16.Qxb8 Nxb8 17.Nc5 Rxd6 18.Ne5 Nfd7 19.Nexd7 Bxd7 20.Rfc1 b4 21.e3 Bc6 22.Bf1
Re8 23.Nd3 Na6 24.Ne5 Bb7 25.Bb5 a3 26.Bxe8 axb2 27.Bxf7+ Kf8 28.Bh5 Rb6
29.Nd7+ {#r} 1-0

[Event "It (open)"]
[Site "masterchessopen.com Gerlingen (Germany)"]
[Date "2007.05.18"]
[Round "3"]
[White "Sokratov Stanislav (GER)"]
[Black "Schloetzer Waldemar (GER)"]
[Result "0-1"]
[WhiteElo "2139"]
[BlackElo "2221"]

1.d4 d5 2.Nf3 Nf6 3.c4 e6 4.g3 Be7 5.Bg2 O-O 6.O-O Nbd7 7.Qc2 c6 8.Nbd2 Qc7
9.Rd1 b6 10.e4 Bb7 11.e5 Ne8 12.b3 f6 13.Bb2 c5 14.cxd5 exd5 15.e6 Nb8 16.Nh4
g6 17.Rac1 Na6 18.a3 Qd6 19.dxc5 Nxc5 20.Nxg6 hxg6 21.Qxg6+ Ng7 22.Ne4 Qxe6
23.Rxd5 Qf7 24.Qh6 Bxd5 25.Ng5 Nf5 26.Qh3 Bxg2 27.Kxg2 Qg6 28.Rc4 fxg5 {#R}
0-1

[Event "It (open)"]
[Site "masterchessopen.com Schweinfurt (Germany)"]
[Date "2007.05.20"]
[Round "7"]
[White "Von Der Linden Armin (GER)"]
[Black "Bebersdorf Claus (GER)"]
[Result "1-0"]
[WhiteElo "2026"]
[BlackElo "2030"]

1.d4 d5 2.c4 e6 3.Nf3 Nf6 4.g3 Be7 5.Bg2 O-O 6.Nbd2 Nbd7 7.Qc2 c6 8.O-O b6
9.e4 dxe4 10.Nxe4 Bb7 11.Rd1 Qc8 12.Nxf6+ Bxf6 13.Ng5 g6 14.Ne4 Be7 15.Bf4 c5
16.Bd6 Bxe4 17.Bxe4 Bxd6 18.Bxa8 Qxa8 19.dxc5 {#r} 1-0

[Event "Ch Poland (juniors) (1 liga)"]
[Site "masterchessopen.com Szklarska Poreba (Poland)"]
[Date "2007.07.04"]
[Round "4"]
[White "Gumula Daniel (POL)"]
[Black "Kaczmarek Maciej (POL)"]
[Result "1-0"]
[WhiteElo "2344"]
[BlackElo "2028"]

1.d4 d5 2.Nf3 Nf6 3.c4 c6 4.Nbd2 Nbd7 5.g3 e6 6.Bg2 Be7 7.O-O O-O 8.Qc2 b6
9.e4 Nxe4 10.Nxe4 dxe4 11.Qxe4 Bb7 12.Rd1 Qc7 13.Qe2 a5 14.Ng5 e5 15.d5 h6
16.d6 Bxd6 17.Qd3 hxg5 18.Qxd6 Qxd6 19.Rxd6 Nc5 20.Bxg5 Rfc8 21.b3 f6 22.Be3
Rab8 23.Rad1 a4 24.b4 Na6 25.a3 c5 26.Bh3 Re8 27.b5 Nc7 28.Rxb6 Ba8 29.Rxb8
Rxb8 30.Bxc5 Nxb5 31.cxb5 Rxb5 32.Rd8+ Kf7 33.Rxa8 Rxc5 34.Rxa4 {#r} 1-0

[Event "Ch Slovakia (open)"]
[Site "masterchessopen.com Banska Stiavnica (Slovakia)"]
[Date "2007.07.07"]
[Round "1"]
[White "Hlinka Vasil (SVK)"]
[Black "Michalko Peter (SVK)"]
[Result "1-0"]
[WhiteElo "2156"]
[BlackElo "1631"]

1.d4 d5 2.c4 c6 3.Nf3 Nf6 4.Qc2 e6 5.g3 Nbd7 6.Bg2 Be7 7.O-O O-O 8.Nbd2 c5
9.Rd1 cxd4 10.Nxd4 Ne5 11.cxd5 Nxd5 12.N2f3 Bd7 13.Nxe5 Rc8 14.Qb3 Nb6 15.Nxd7
Qxd7 16.Nb5 Qe8 17.Nxa7 Ra8 18.Qxb6 Qa4 19.Be3 Rfd8 20.Rxd8+ {#r} 1-0

[Event "It \"]
[Site "masterchessopen.com Ottawa (Canada)"]
[Date "2007.07.08"]
[Round "2"]
[White "Pacey Kevin (CAN)"]
[Black "Cliff Scott (CAN)"]
[Result "1-0"]
[WhiteElo "2254"]
[BlackElo "1861"]

1.d4 d5 2.Nf3 e6 3.c4 c6 4.Nbd2 Nf6 5.g3 Be7 6.Bg2 O-O 7.O-O Nbd7 8.Qc2 b6
9.e4 Nxe4 10.Nxe4 dxe4 11.Qxe4 Bb7 12.Bf4 Nf6 13.Qe2 Qd7 14.Rfd1 Rad8 15.Rac1
Qc8 16.d5 cxd5 17.cxd5 Ba6 18.Qe1 Qa8 19.d6 Bxd6 20.Bxd6 Rfe8 21.Ne5 {#r} 1-0

[Event "It (open) \"]
[Site "masterchessopen.com Berdsk (Russia)"]
[Date "2007.07.10"]
[Round "3"]
[White "Sviridov Valery (RUS)"]
[Black "Ovchinnikova Alexandra (RUS)"]
[Result "0-1"]
[WhiteElo "2141"]
[BlackElo "1873"]

1.d4 d5 2.c4 c6 3.Nf3 Nf6 4.Qc2 e6 5.g3 Nbd7 6.Nbd2 Be7 7.Bg2 O-O 8.O-O c5
9.dxc5 Bxc5 10.a3 Qe7 11.b4 Bb6 12.Bb2 dxc4 13.Nxc4 Rd8 14.Nxb6 Nxb6 15.Rfd1
Bd7 16.Ne5 Ba4 17.Rxd8+ Rxd8 18.Qc3 Nfd5 19.Qf3 f6 20.Nd3 Nc4 21.Bd4 Nd2
22.Qg4 f5 23.Qh5 Be8 24.Qh3 b6 25.Ra2 Nc4 26.Ne5 Nxb4 27.axb4 Rxd4 28.Nd3 Rd8
29.Rc2 Nd6 30.Nf4 Nf7 31.Rc1 Qxb4 32.Nxe6 Qb2 {#R} 0-1

[Event "It (open)"]
[Site "masterchessopen.com Aviles (Spain)"]
[Round "3"]
[White "Montes Gutierrez Ignacio (ESP)"]
[Black "Shabanov Nurlan (AZE)"]
[Result "1-0"]
[WhiteElo "2142"]
[BlackElo "1800"]

1.Nf3 d5 2.c4 e6 3.g3 Nf6 4.Bg2 c6 5.O-O Be7 6.Qc2 O-O 7.d4 Nbd7 8.Nbd2 Re8
9.Rd1 Bf8 10.e4 dxe4 11.Nxe4 Nxe4 12.Qxe4 Nf6 13.Qe2 h6 14.Bf4 Qa5 15.Ne5 Bd7
16.Qf3 Be7 17.h4 Rad8 18.g4 Rf8 19.a3 Bc8 20.b4 Qa4 21.g5 Nh7 22.gxh6 g6
23.Qg3 Qc2 24.Rd3 Bf6 25.Be4 Bxe5 26.Bxe5 g5 27.hxg5 Rd7 28.Bf6 Qe2 29.Qe5 Qh5
30.Rg3 {#r} 1-0

[Event "Tournament (juniors)"]
[Site "masterchessopen.com Rybinsk (Russia)"]
[Date "2007.08.02"]
[Round "1"]
[White "Serov Maksim (RUS)"]
[Black "Ustinov Alexey (RUS)"]
[Result "1-0"]
[WhiteElo "2305"]
[BlackElo "1953"]

1.d4 d5 2.Nf3 Nf6 3.c4 c6 4.Qc2 e6 5.Nbd2 Nbd7 6.g3 Be7 7.Bg2 O-O 8.O-O Re8
9.b3 b6 10.e4 dxe4 11.Nxe4 Bb7 12.Rd1 Qc8 13.Nc3 Qc7 14.Bf4 Bd6 15.Bxd6 Qxd6
16.Ng5 Rad8 17.Nge4 Nxe4 18.Nxe4 Qe7 19.c5 bxc5 20.dxc5 Nf6 21.Nd6 Rf8 22.b4
Ne8 23.Nxb7 Rxd1+ 24.Rxd1 Qxb7 25.Qa4 Nf6 26.Bxc6 Qc7 27.b5 h5 28.Qd4 Qa5
29.a4 e5 30.Qxe5 Qxa4 31.Qd4 Qc2 32.Bf3 Rb8 33.Bc6 Ng4 34.Be4 {#r} 1-0

[Event "It (open) \"]
[Site "masterchessopen.com Berlin (Germany)"]
[Date "2007.08.25"]
[Round "8"]
[White "Schmidt Frank (GER)"]
[Black "Wege Hermann (GER)"]
[Result "1-0"]
[WhiteElo "2045"]
[BlackElo "1991"]

1.d4 d5 2.c4 c6 3.Nf3 Nf6 4.g3 e6 5.Qc2 Be7 6.Bg2 O-O 7.O-O Nbd7 8.Nbd2 Re8
9.e4 dxe4 10.Nxe4 Nxe4 11.Qxe4 Nf6 12.Qc2 Qc7 13.a3 a5 14.b3 b6 15.Bb2 Bb7
16.Rad1 Rac8 17.Ne5 c5 18.d5 exd5 19.cxd5 Rcd8 20.Nc6 Bxc6 21.dxc6 Rxd1
22.Rxd1 Bd6 23.Qf5 Be5 24.Rd7 Qb8 25.Rb7 Qd6 26.Bxe5 Rxe5 27.Qxe5 Qxe5 28.c7
Qe1+ 29.Bf1 {#r} 1-0

[Event "It (open)"]
[Site "masterchessopen.com Imperia (Italy)"]
[Date "2007.09.03"]
[Round "2"]
[White "Likavsky Tomas (SVK)"]
[Black "Mela Riccardo (ITA)"]
[Result "1-0"]
[WhiteElo "2496"]
[BlackElo "2044"]

1.d4 Nf6 2.c4 e6 3.g3 d5 4.Bg2 c6 5.Nd2 Be7 6.Ngf3 O-O 7.O-O Nbd7 8.Qc2 b6
9.e4 dxe4 10.Nxe4 Nxe4 11.Qxe4 Bb7 12.Rd1 Nf6 13.Qe2 Rc8 14.Bf4 Bd6 15.Bxd6
Qxd6 16.c5 Qe7 17.Rac1 b5 18.h4 Rfd8 19.Ne5 Rc7 20.Qd2 Nd5 21.Re1 Bc8 22.Qa5
f6 23.Nf3 Qf7 24.Nd2 Rdd7 25.Ne4 Qf8 26.Nd6 Re7 27.Rc2 f5 28.Rec1 Qf6 29.Bxd5
cxd5 30.Nxc8 Red7 31.c6 {#r} 1-0

[Event "It (open) \"]
[Site "masterchessopen.com Nuernberg (Germany)"]
[Date "2007.09.06"]
[Round "1"]
[White "Buhmann Rainer (GER)"]
[Black "Noeckler Alexander (GER)"]
[Result "1-0"]
[WhiteElo "2567"]
[BlackElo "2038"]

1.Nf3 Nf6 2.c4 e6 3.g3 c6 4.Bg2 d5 5.d4 Be7 6.O-O O-O 7.Qc2 Nbd7 8.Nbd2 Re8
9.Rd1 Nf8 10.e4 Nxe4 11.Nxe4 dxe4 12.Qxe4 Ng6 13.h4 Bf6 14.h5 Nf8 15.Bf4 g5
16.hxg6 hxg6 17.Be5 Nh7 18.Qf4 Bg7 19.c5 g5 20.Qe3 Qe7 21.Bd6 Qf6 22.Ne5 Bf8
23.Be4 Qg7 24.Bxh7+ Kxh7 25.Kg2 Bxd6 26.cxd6 Rd8 27.Rh1+ Kg8 28.Rh5 f6 29.Rah1
Rxd6 30.Rh8+ Qxh8 31.Rxh8+ Kg7 {#r} 1-0

[Event "It \"]
[Site "masterchessopen.com Madrid (Spain)"]
[Date "2007.09.16"]
[Round "2"]
[White "Solaesa Navalpotro Luis (ESP)"]
[Black "Arauz Alonso Fernando (ESP)"]
[Result "0-1"]
[WhiteElo "2291"]
[BlackElo "1965"]

1.d4 Nf6 2.Nf3 d5 3.c4 c6 4.Qc2 e6 5.g3 Be7 6.Bg2 O-O 7.O-O Nbd7 8.Nbd2 b6
9.e4 Bb7 10.b3 dxe4 11.Nxe4 c5 12.Nxf6+ Bxf6 13.Bb2 cxd4 14.Nxd4 Bxg2 15.Kxg2
Qc7 16.Qe4 Nc5 17.Qf3 Qb7 18.Rad1 Qxf3+ 19.Kxf3 e5 {#R} 0-1

[Event "Tournament (open)"]
[Site "masterchessopen.com Kstovo (Russia)"]
[Round "8"]
[White "Kulikov Aleksandr (RUS)"]
[Black "Zavalishin Vladimir (RUS)"]
[Result "1-0"]
[WhiteElo "2398"]
[BlackElo "1913"]

1.d4 d5 2.c4 e6 3.Nf3 Nf6 4.g3 Be7 5.Bg2 c6 6.Qc2 Nbd7 7.O-O O-O 8.Nbd2 a5
9.e4 dxe4 10.Nxe4 Nxe4 11.Qxe4 Nf6 12.Qe2 a4 13.Rd1 Qc7 14.Bf4 Bd6 15.Ne5 Nd7
16.c5 Bxe5 17.Bxe5 Nxe5 18.dxe5 Bd7 19.Rd6 Rfd8 20.Rad1 Be8 21.Be4 g6 22.Qd2
Rdb8 23.h4 Qa5 24.Qf4 h5 25.g4 hxg4 26.h5 Qxc5 27.h6 f5 28.Rxe6 Rd8 29.Red6
Rxd6 30.exd6 Rd8 31.Bd5+ cxd5 32.Qe5 Rd7 33.Qxe8+ {#r} 1-0

[Event "Ch Croatia (team) (w)"]
[Site "masterchessopen.com Sibenik (Croatia)"]
[Date "2007.10.18"]
[Round "6"]
[White "Sargac Rajna (CRO)"]
[Black "Peronja Dominika (CRO)"]
[Result "1-0"]
[WhiteElo "2170"]
[BlackElo "1726"]

1.d4 d5 2.Nf3 Nf6 3.c4 e6 4.g3 Be7 5.Bg2 O-O 6.Qc2 Nbd7 7.Nbd2 c6 8.O-O Qc7
9.e4 dxe4 10.Nxe4 c5 11.Bf4 Qb6 12.dxc5 Nxc5 13.Nxc5 Qxc5 14.Ne5 Bd6 15.Rfe1
Nh5 16.Nd3 Qc7 17.Bxd6 Qxd6 18.Rad1 Qc7 19.Qe2 Nf6 20.b3 Rb8 21.Qe5 Qxe5
22.Nxe5 Re8 23.Rd4 Kf8 24.Red1 a6 25.b4 Re7 26.a4 Ne8 27.Rd8 Kg8 28.Nd7 Ra8
29.Nb6 {#r} 1-0

[Event "It (open)"]
[Site "masterchessopen.com Sofia (Bulgaria)"]
[Date "2007.10.27"]
[Round "1"]
[White "Tsekov S"]
[Black "Kolev K"]
[Result "1-0"]
[WhiteElo "2251"]
[BlackElo "1952"]

1.d4 d5 2.Nf3 Nf6 3.c4 e6 4.g3 c6 5.Bg2 Be7 6.O-O O-O 7.Qc2 Nbd7 8.Nbd2 b6
9.e4 dxe4 10.Nxe4 Bb7 11.Rd1 Nxe4 12.Qxe4 Nf6 13.Qe2 Rc8 14.Ne5 Nd7 15.Bf4
Nxe5 16.Bxe5 Bf6 17.Rd3 Qe7 18.Rad1 Rfd8 19.f4 Bxe5 20.dxe5 Kf8 21.Rd6 Ke8
22.Qd3 g6 23.b4 a6 24.b5 axb5 25.cxb5 Rxd6 26.exd6 Qd7 27.Qd4 f5 28.Qh8+ Kf7
29.Qxh7+ Ke8 30.Qg8# 1-0

[Event "Ch PriFO (juniors) (under 16)"]
[Site "masterchessopen.com Gorodets (Russia)"]
[Round "0"]
[White "Svetlov Dmitry (RUS)"]
[Black "Gribkov Ilya (RUS)"]
[Result "1-0"]
[WhiteElo "2208"]
[BlackElo "2014"]

1.d4 d5 2.Nf3 Nf6 3.c4 e6 4.g3 Be7 5.Bg2 O-O 6.O-O c6 7.Nbd2 Nbd7 8.Qc2 Re8
9.Rd1 Bf8 10.e4 Nxe4 11.Nxe4 dxe4 12.Qxe4 Qa5 13.Bd2 Bb4 14.Bf4 Nf6 15.Qc2 Bf8
16.Ne5 Bd7 17.a3 Rac8 18.g4 Red8 19.g5 Ne8 20.b4 Qa6 21.c5 Nc7 22.Nxf7 Kxf7
23.Qxh7 Nd5 24.g6+ Ke8 25.Qg8 {#r} 1-0

[Event "It (open) (active)"]
[Site "masterchessopen.com El Sauzal (Spain)"]
[Date "2007.11.03"]
[Round "1"]
[White "Kurajica Bojan (CRO)"]
[Black "Marrero Lopez Agustin (ESP)"]
[Result "1-0"]
[WhiteElo "2554"]
[BlackElo "1850"]

1.d4 d5 2.Nf3 Nf6 3.c4 e6 4.g3 c6 5.Bg2 Be7 6.O-O O-O 7.Nbd2 Nbd7 8.Qc2 Nb6
9.b3 Nbd7 10.Bb2 Re8 11.e4 dxe4 12.Nxe4 Nxe4 13.Qxe4 Nf6 14.Qc2 Bd6 15.Rfe1
Nd7 16.Rad1 Bc7 17.d5 exd5 18.Rxe8+ Qxe8 19.cxd5 c5 20.Ng5 g6 21.d6 Bd8
22.Nxf7 Bf6 23.Nh6+ Kg7 24.Ng4 {#r} 1-0

[Event "It (open)"]
[Site "masterchessopen.com Bad Wiessee (Germany)"]
[Date "2007.11.10"]
[Round "1"]
[White "Meins Gerlef (GER)"]
[Black "Hoffmann Uwe (GER)"]
[Result "1-0"]
[WhiteElo "2443"]
[BlackElo "1998"]

1.d4 d5 2.c4 c6 3.Nf3 Nf6 4.Qc2 e6 5.Nbd2 Nbd7 6.g3 Be7 7.Bg2 O-O 8.O-O Qc7
9.e4 dxc4 10.Nxc4 b5 11.Bf4 Qd8 12.Nce5 Bb7 13.Nxc6 Qe8 14.Nfe5 Nxe5 15.Nxe7+
Qxe7 16.dxe5 Nh5 17.Be3 g6 18.Rac1 Rac8 19.Qd2 Rfe8 20.Bg5 Qf8 21.Qd7 h6
22.Qxb7 hxg5 23.Qxb5 Qe7 24.Bf3 Red8 25.b4 Ng7 26.Rxc8 Rxc8 27.Rd1 Rc7 28.Qb8+
Ne8 29.Rd8 Kf8 30.Rxe8+ {#r} 1-0

[Event "Ch World (juniors) (under 12)"]
[Site "masterchessopen.com Kemer (Turkey)"]
[Date "2007.11.18"]
[Round "1"]
[White "Nyzhnyk Illya (UKR)"]
[Black "Abozenko Georg (EST)"]
[Result "1-0"]
[WhiteElo "2377"]
[BlackElo "1911"]

1.d4 d5 2.c4 c6 3.Nf3 Nf6 4.Qc2 e6 5.Nbd2 Be7 6.g3 O-O 7.Bg2 Nbd7 8.O-O Re8
9.b3 dxc4 10.Nxc4 Nf8 11.Bb2 Ng6 12.Rad1 Qc7 13.e4 a5 14.a3 Rd8 15.Nfe5 Nd7
16.f4 Ngxe5 17.fxe5 b5 18.Nd6 Bxd6 19.exd6 Qxd6 20.e5 Qc7 21.d5 Qb6+ 22.Bd4 c5
23.dxe6 Qc7 24.Bb2 Qd6 25.Bc6 Qe7 26.Qe2 Rb8 27.Qc2 Ba6 28.Bg2 Ra8 29.Bd4 Bc8
30.Ra1 {#r} 1-0

[Event "Memorial Crespi (open)"]
[Site "masterchessopen.com Milan (Italy)"]
[Date "2007.12.07"]
[Round "4"]
[White "Giannetta Paolo (ITA)"]
[Black "Abdelatief Abdelhakiem (ITA)"]
[Result "1-0"]
[WhiteElo "1947"]
[BlackElo "1930"]

1.d4 Nf6 2.c4 e6 3.Nf3 d5 4.g3 Be7 5.Bg2 O-O 6.O-O c6 7.Qc2 Nbd7 8.Nbd2 Qc7
9.Re1 Bb4 10.a3 Bxd2 11.Nxd2 dxc4 12.Nxc4 b5 13.Bf4 e5 14.Nxe5 Nh5 15.Nxc6 Qb6
16.Bc7 Qa6 17.Ne7+ Kh8 18.Bxa8 Ndf6 19.Qc5 Re8 20.Bc6 Rxe7 21.Qxe7 Qxc6
22.Qf8+ Ng8 23.Qxc8 {#r} 1-0

[Event "Czech League 2007/08 (krajsky prebor)"]
[Site "masterchessopen.com Czech Republic"]
[Date "2007.12.09"]
[Round "4"]
[White "Kvicala Miroslav (CZE)"]
[Black "Hromada Vaclav (CZE)"]
[Result "1-0"]
[WhiteElo "2052"]
[BlackElo "2119"]

1.d4 d5 2.c4 c6 3.Nf3 Nf6 4.Qc2 Nbd7 5.Nbd2 e6 6.g3 Be7 7.Bg2 O-O 8.O-O a5
9.e4 dxe4 10.Nxe4 Nxe4 11.Qxe4 Nf6 12.Qe2 a4 13.Rd1 Re8 14.Bf4 Qa5 15.Ne5 Bd7
16.Rd2 Rad8 17.Rad1 a3 18.b3 Bb4 19.Rd3 Qa8 20.Qf3 Qc8 21.Bg5 Be7 22.c5 Qc7
23.b4 h6 24.Bf4 g5 25.Bc1 Rf8 26.h4 Nd5 27.hxg5 Bxg5 28.Bxg5 hxg5 29.Qh5 f6
30.Qg6+ Kh8 31.Bxd5 fxe5 32.g4 {#r} 1-0

[Event "Ch Bosnia & Herzegovina (team) (regionalliga)"]
[Site "masterchessopen.com Rogatica (Bosnia & Herzegovina)"]
[Date "2007.12.23"]
[Round "5"]
[White "Batinic Predrag (BIH)"]
[Black "Sredojevic Srdjan (SRB)"]
[Result "1-0"]
[WhiteElo "2263"]
[BlackElo "2154"]

1.Nf3 d5 2.g3 Nf6 3.Bg2 e6 4.d4 Be7 5.O-O O-O 6.c4 Nbd7 7.Qc2 c6 8.Nbd2 b6
9.e4 dxc4 10.Nxc4 Bb7 11.Rd1 c5 12.d5 exd5 13.exd5 Nxd5 14.Qf5 g6 15.Qh3 Qc8
16.Bg5 N7f6 17.Qh4 Qf5 18.Re1 Ng4 19.Bxe7 Nxe7 20.Nd6 Bxf3 21.Nxf5 Nxf5 22.Qg5
Nd4 23.h3 f6 24.Qf4 Ne5 25.Qc1 Kg7 26.Re3 Rfe8 27.Qc3 Rad8 28.Rxe5 Rxe5
29.Bxf3 Rde8 30.Rd1 {#r} 1-0

[Event "Tournament (Elo) \"]
[Site "masterchessopen.com Uljanovsk (Russia)"]
[Date "2007.12.29"]
[Round "12"]
[White "Mizinov Igor (RUS)"]
[Black "Uryadov Sergey S (RUS)"]
[Result "1-0"]
[WhiteElo "2246"]
[BlackElo "1813"]

1.d4 d5 2.c4 e6 3.Nf3 Nf6 4.g3 c6 5.Nbd2 Nbd7 6.Bg2 Be7 7.O-O O-O 8.Qc2 h6
9.Rd1 Qc7 10.e4 dxe4 11.Nxe4 Nxe4 12.Qxe4 Nf6 13.Qe2 Rd8 14.Bf4 Bd6 15.Ne5 Nd7
16.c5 Bxe5 17.Bxe5 Nxe5 18.dxe5 Bd7 19.Rd6 Be8 20.Rad1 Rxd6 21.exd6 Qd8 22.d7
Bxd7 23.Qd2 Qf6 24.Qxd7 Qxb2 25.Be4 g6 26.h4 h5 27.Qe7 Qxa2 28.Bxg6 fxg6
29.Rd7 Qa1+ 30.Kh2 {#r} 1-0

[Event "It (open)"]
[Site "masterchessopen.com Schwabisch Gmund (Germany)"]
[Date "2008.01.05"]
[Round "7"]
[White "Reich Thomas (GER)"]
[Black "Strunski Andreas (GER)"]
[Result "1-0"]
[WhiteElo "2404"]
[BlackElo "2275"]

1.d4 d5 2.c4 c6 3.Nf3 Nf6 4.Nbd2 Nbd7 5.g3 e6 6.Bg2 Be7 7.O-O O-O 8.Qc2 b6
9.e4 Bb7 10.e5 Ne8 11.Re1 c5 12.dxc5 Nxc5 13.b4 Nd7 14.Rb1 Rc8 15.Qd3 Ba6
16.b5 Nc5 17.Qc2 Bb7 18.Nd4 Bg5 19.Ba3 Qc7 20.cxd5 Bxd5 21.Bxd5 exd5 22.N2f3
Be7 23.Nf5 g6 24.Nxe7+ Qxe7 25.Nd4 Qd7 26.Nc6 a6 27.Bxc5 bxc5 28.Qxc5 Kg7
29.Qd4 Qe6 30.a4 axb5 31.axb5 Nc7 32.Na7 Ra8 33.Rec1 Qe7 34.Nc6 {#r} 1-0